Responses for Show #643 - Wednesday, May 27, 1987

Missing a number of incorrect responses in Double Jeopardy! Round.

Contestants

[<< previous game]

Bob McGreevy, an attorney from South Salem, New York

Diane Margolis, an acupuncturist from Baltimore, Maryland

David Goldstein, a criminal lawyer from Ann Arbor, Michigan (whose 1-day cash winnings total $6,400)

[next game >>]

Jeopardy! Round responses

FLORIDA
MONEY
ASTRONOMY
CONTESTS
CHRISTMAS
FAMOUS HORSES
    $100 11
water (or the ocean)

David
    $100 21
cents

David
    $100 18
Halley's Comet

Bob
    $100 3
(Bob: Who is Bret Harte?)

Mark Twain

DianeBob
    $100 5
St. Nicholas

Bob
    $100 1
their hoofprints

Bob
    $200 12
(David: What is "E Pluribus Unum"?)

"In God We Trust"

DavidBob
    $200 22
a pound

Bob
    $200 19
that the world is round

Bob
    $200 4
(David: What are the winners?)

people

DavidBob
    $200 6
(David: What is ivy?)
(Diane: What is a poinsettia?)

holly

DavidDianeBob
    $200 2
(Alex: Just like Mr. Ed.)

speaking

Diane
    $300 15
Seminole

Diane
    $300 23
(Alex: And we've got less than a minute to go.)

a franc

Diane
    $300 20
(Bob: What is Jupiter and Neptune?)

Jupiter and Uranus

DavidBob
    $300 24
Pike's Peak

David
    $300 7
the yule log

David
    $300 8
Black Beauty

Diane
    $400 16
(Diane: What is a swamp?)

lakes

DianeBob
    $400 25
Denver

Diane
    $400 29
(Bob: What is a full moon?)
[The end-of-round signal sounds.]

a (waxing) crescent

DianeBob
    $400 26
(1 of) distance & accuracy

Bob
    $400 13
the Red Cross

Bob
    $400 9
nitroglycerine

David
    $500 17
(Juan) Ponce de Leon

Bob
    $500 27
abdicate

David
    $500 28
the Soap Box Derby

Bob
    $500 14
Martin Luther

Bob
    $500 10
John F. Kennedy & Lyndon Baines Johnson

David

Scores at the first commercial break (after clue 10):

David Diane Bob
$800 $400 $500

Scores at the end of the Jeopardy! Round:

David Diane Bob
$1,900 $1,400 $3,200

Double Jeopardy! Round responses

4-LETTER WORDS
CONGRESS
SPECTATOR SPORTS
COLLEGES
SWEET SIXTEEN
FAMOUS RIDERS
(Alex: And since we had FAMOUS HORSES in the first round, [*] in this one.)
    $200 12
cram

Bob
    $200 23
[Bob's incorrect response is currently unknown.]

59

DianeBob
    $200 2
the umpire

Bob
    $200 17
a computer

Bob
    $200 1
Tatum O'Neal

David
    $200 3
George Washington

Bob
    $400 13
stew

Diane
    $400 25
a filibuster

David
    $400 6
the penalty box

David
    $400 18
Pennsylvania

Bob
    $400 9
Joan of Arc

Bob
    $400 4
Napoleon

Bob
    $600 14
cuff

Diane
    $600 26
two-thirds

David
    $600 7
soccer

David
    $1,400 20
[Bob's incorrect response is currently unknown.]

The Commodores

Bob
    $600 24
(Alex: A minute to go in the round.)

Mozart

David
    $600 5
(Diane: Who is Nelson?)

the Duke of Wellington (Arthur Wellesley)

DavidDiane
    $800 15
(Bob: What is pace?)

gait

DavidBob
    $800 27
(David: Who is Sam Irwin?)
(Alex: No.)
(David. [*].)

Sam Ervin

DavidDiane
    $800 8
(David: Who are the Oakland Athletics?)

the Dodgers

DavidDiane
    $800 21
Caltech

Bob
    $800 28
[The end-of-round signal sounds.]

television

Triple Stumper
    $800 10
William Devane

Triple Stumper
    $1000 19
[David's incorrect response is currently unknown.]

hick

DavidBob
    $1000 16
Western

David
    $1000 22
[Diane's incorrect response is currently unknown.]

Montreal

DavidDiane
    $1000 11
D.H. Lawrence

Bob

Scores at the end of the Double Jeopardy! Round:

David Diane Bob
$5,500 $2,600 $5,600

[wagering suggestions for these scores]

Final Jeopardy! Round responses

CANDY
DianeWhat is tan?
$2,500
DavidWhat is green Tan?
$5,500
BobWhat is Tan
$5,550
tan

Final scores:

David Diane Bob
$11,000 $5,100 $11,150
2nd place: Merillat shelving system + Zenith 9" color TV 3rd place: Service Merchandise gift certificate New champion: $11,150

Game dynamics:

Coryat scores:

David Diane Bob
$5,500 $2,600 $7,000
18 R
(including 2 DDs),
6 W
12 R,
4 W
24 R,
6 W
(including 1 DD)

Combined Coryat: $15,100

[game clues] [game scores] [suggest correction]

Game tape date: 1987-01-14
The J! Archive is created by fans, for fans. Scraping, republication, monetization, and malicious use prohibited; this site may use cookies and collect identifying information. See terms. The Jeopardy! game show and all elements thereof, including but not limited to copyright and trademark thereto, are the property of Jeopardy Productions, Inc. and are protected under law. This website is not affiliated with, sponsored by, or operated by Jeopardy Productions, Inc. Join the discussion at JBoard.tv.